000 01867nam0a22002771 4500
001 v19\rc\1588762
005 20250618213706.0
035 _a(NLR Aleph) 004713833
090 _a4237613
_c4237613
100 _a20061002d1894 |||y0rusy50 ca
101 0 _arus
102 _aRU
105 _ay z |||||
200 1 _aСписок сочинениям и изданиям В.П. Попова, действительного члена Имп. Русского общества акклиматизации животных и растений, Общества сельского хозяйства Юго-Восточной России, Русского общества пчеловодства и др., а также имеющего диплом на звание члена Парижской национальной академии
210 _aПенза
_cтипо-лит. Умнова
_d1894
215 _a16 с.
_d17
532 1 0 _aСписок сочинениям и изданиям Владимира Павловича Попова, действительного члена Императорского Русского общества акклиматизации животных и растений, Общества сельского хозяйства Юго-Восточной России, Русского общества пчеловодства и др., а также имеющего диплом на звание члена Парижской национальной академии
702 1 _4570
_aПопов
_bВ. П.
_cпчеловод
_f1862-1918
_gВладимир Павлович
_9230376
_3RU\NLR\AUTH\770230432
801 0 _aRU
_bNLR
_gpsbo
801 0 _aRU
_bRuMoRGB
_2psbo
801 1 _aRU
_bProSoft-M
_2rusmarc
852 _aNLR
_j641/П-58
899 _aRuMoRGB
_jO 42/35
942 _cBOOK
980 _aNB